KATSEYE - Toutes les chansons - Statistiques

Statistiques générales
  • Ce quiz a été pris 388 fois
    63 depuis la dernière actualisation
  • Le résultat moyen est 16 sur 18
Statistiques - réponses
Hint Réponse % Correct
Beautiful Chaos 2 Gabriela
100%
Singles 2025 Gabriela (feat. Young Miko)
100%
Beautiful Chaos 1 Gnarly
100%
Singles 2025 Gnarly (feat. Ice Spice)
100%
Beautiful Chaos 5 M.I.A
98%
SIS (Soft Is Strong) 1 Debut
96%
SIS (Soft Is Strong) 2 Touch
94%
Singles 2024 Touch (feat. Yeonjun)
94%
WILD 1 Pinky Up
92%
Beautiful Chaos 3 Gameboy
90%
SIS (Soft Is Strong) 4 I'm Pretty
90%
SIS (Soft Is Strong) 3 My Way
88%
Beautiful Chaos 4 Mean Girls
86%
SIS (Soft Is Strong) 5 Tonight I Might
80%
Singles 2026 Internet Girl
76%
Singles 2025 Monster High Fright Song pour Monster High
73%
Singles 2024 Flame pour "Jentry Chau vs The Underworld”
67%
Singles 2025 Time Lapse pour "Good Boy"
51%
Aucun quiz correspondant
Distribution des résultats
% des personnes avec chaque résultat
Percentile par nombre de réponses
Votre historique - résultats
Vous n’avez pas pris ce quiz depuis la dernière actualisation